01281nac a22003617a 4500001001000000003000900010005001700019008003400036040005400070072000800124090001900132110008300151245012300234260003600357300001000393490010400403650001000507650002100517650000900538650002400547650001400571650001300585650001600598650001400614650001700628650001000645650002100655650001400676909004700690942001700737999001900754952014600773BR8301856BR-BrBNA20240105115649.0230509b bl.|||m| |||| 00| 0 por d aBR-BrBNAbporcBiblioteca Nacional de Agricultura aF00 a0180 BR83018561 aEmpresa Brasileira de Assistencia Tecnica e Extensao Rural, Brasilia, DF937971 aTrigo. Informacoes praticas para cultivo [Triticum aestivum, Minas Gerais, Goias, Distrito Federal, Sao Paulo, Brasil]3 aBrasilia, DF (Brasil): c1983.  a16 p. aInformacoes Tecnicas - Empresa Brasileira de Assistencia Tecnica e Extensao Rural (Brazil)vno. 4x aTRIGO aPRATICA CULTURAL aSOLO aCONSERVACAO DO SOLO aCORRETIVO aADUBACAO aCHOCHAMENTO aVARIEDADE aMINAS GERAIS aGOIAS aDISTRITO FEDERAL aSAO PAULO a202312bLúcia Elandec55dLúcia Elande 2AGRISn0cMS c275813d275813 002AGRIS40708Acervo Gerala41918b41918cAGROBASEl0o0180 BR8301856p0180 BR8301856r2023-12-18yMSePortaria Interministerial nº 164/94